00915nam a2200277Ia 4500001000700000003000500007008004100012010001100053040000900064082001700073100002100090245012800111260004200239300001100281500008800292503002600380504003200406650003100438650002200469650001400491650002400505650004200529650001000571700003300581700002300614Z_1228CHAP220113s1965 xx 000 0 und d a164316 cCHAP a636.0824 H47 aHerrick, John B. aEvaluación de la fertilidad del toro y del verraco /cJohn B. Herrick y H. L. Self ; traducción Jaime Esaín Escobar aZaragoza, España :bAcribia,c1965 a135 p. aTraducción del título en inglés: Evaluation of fertility in the bull and boar aej.1: s/n \ ej.2: s/n aBibliografía: p. 97 - 101 aEvaluación de sementales aFertilidad animal aPorcinos. aReproduccion animal aSemen xx Técnicas de laboratorio  aToros a Escobar, Jaime Esaín, tr. aSelf, H. L., aut.